The processess of public accountability (Record no. 34612)

000 -LEADER
fixed length control field 00940pab a2200169 454500
008 - FIXED-LENGTH DATA ELEMENTS--GENERAL INFORMATION
fixed length control field 180718b1997 xxu||||| |||| 00| 0 eng d
100 ## - MAIN ENTRY--PERSONAL NAME
Personal name Mulgan, Richard
245 ## - TITLE STATEMENT
Title The processess of public accountability
260 ## - PUBLICATION, DISTRIBUTION, ETC.
Date of publication, distribution, etc. 1997
300 ## - PHYSICAL DESCRIPTION
Extent p.25-36
362 ## - DATES OF PUBLICATION AND/OR SEQUENTIAL DESIGNATION
Dates of publication and/or sequential designation Mar
520 ## - SUMMARY, ETC.
Summary, etc. There is a sameness to writing on public accountability which does not always do justice to the subject. With responsibility and accountability conflated and an idealised version of the Westminster model held up as the only test, ministers constantly appear irresponsible. Yet a more complex account of public accountability is possible, one which acknowledges that no single institution can undertake the important work of ensuring accountability from ministers, the parliament and public servants. - Reproduced
650 ## - SUBJECT ADDED ENTRY--TOPICAL TERM
Topical term or geographic name entry element Public administration
650 ## - SUBJECT ADDED ENTRY--TOPICAL TERM
Topical term or geographic name entry element Accountability
773 ## - HOST ITEM ENTRY
Main entry heading Australian Journal of Public Administration
909 ## -
-- 34612
Holdings
Withdrawn status Lost status Damaged status Not for loan Permanent Location Current Location Date acquired Serial Enumeration / chronology Barcode Date last seen Price effective from Koha item type
        Indian Institute of Public Administration Indian Institute of Public Administration 2018-07-19 Volume no: 56, Issue no: 1 AR34845 2018-07-19 2018-07-19 Articles

Powered by Koha